000 00527nam a2200217Ia 4500
003 OSt
005 20231005150039.0
008 210210b1938 xxu||||| |||| 00| 0 eng d
040 _cAL
041 _aeng
082 _a823/218
100 _aSHAKESPEARE (William)
_9136303
245 _aMerchant of Venice
260 _aOxford
_bAt the Clarendon Press
_c1938
650 _aVenice
_9136304
650 _aof
_9136305
650 _aMerchant
_9136306
690 _aEnglish Drama
_9136307
906 _a013766
942 _2ddc
_cBK
999 _c132810
_d132810